1185 1326 1758 1877 1233 1616 1452 1126 1874 1549 1394 1668 1560 1575 1226 1737 1246 1469 1049 1170 1977 1122 1145 1423 1542 1188 1853 1251 1746 1420 1029 1384 1219 1279 1198 1552 1235 1604 1924 1399 2000 1402 1443 1264 1479 1161 1842 1784 1399 1330 1512 1773 1557 1127 1405 1946 1114 1256 1000 1748 1205 1989 1455 1107 1835 1451 1321 1093 1602 1358 1748 1410 1652 1420 1187 1132 1076 1438 1893 1385 1984 1074 1061 1182 1390 1669 1846 1000 1746 1150 1589 1325 1403 1197 1309 1023 1419 1598 1267 BCNSPRNW ULIB Ver.6.0+V

เปลี่ยนเป็นภาษาไทย

Change to English
 แสดงรายละเอียดบรรณานุกรม
  กลับหน้าหลัก

Brief Record : Get Marc (ISO 2709) : E-mail record : QR code < ปิดหน้าต่าง
LEADER : 00000nam 2200000uu 4500
001    13399121291
003     ULIB
008    121114s2552||||th 000 0 tha d
020    ^a9786115150106
050  4 ^aPE1131^bค162C
100 1  ^aไรท์, คริสโตเฟอร์
245 10 ^aChris unseen : have you ever seen Chris yet ? =^bคุณเคยเห็นคริสหรือยัง ? /^cChristopher Wright
246 30 ^aคุณเคยเห็นคริสหรือยัง ?
250    ^aพิมพ์ครั้งที่ 1
260    ^aกรุงเทพฯ :^bเนชั่นบุ๊คส์,^c2552
300    ^a214 หน้า :^bภาพประกอบ ;^c22 ซม.
650  7 ^aภาษาอังกฤษ^xการใช้ภาษา
650  7 ^aภาษาอังกฤษ^xบทสนทนาและวลี
945    ^p175^l0^i16161
995    ^aวิภา
999 ^a ใช้งานได้ทุกระบบ
รายการนี้ยังไม่มีแท็ก
คุณยังไม่ได้ล็อกอิน คุณสามารถมีกิจกรรมร่วมกับเว็บไซต์ได้ แต่ต้องล็อกอินก่อน ::
  ล็อกอิน

รายการสื่อสารสนเทศ

ลำดับที่ ประเภท เลขเรียก/บาร์โค้ด สถานที่ สถานะ
1. วิทยาศาสตร์การแพทย์ และสุขภาพ
วิทยาศาสตร์การแพทย์ และสุขภาพ
PE1131 ค162C  
  Barcode: 16161
ห้องสมุดวิทยาเขตสวรรค์ประชารักษ์
►หนังสือทั่วไป
บนชั้น

รายการใกล้เคียง
    ผู้แต่ง [ไรท์, คริสโตเฟอร์]

    หัวเรื่อง [ภาษาอังกฤษ การใช้ภาษา]

BibComment


ยังไม่เคยถูกคอมเมนท์

คอมเมนท์ทรัพยากรรายการนี้
  คอมเมนท์: Chris unseen ha..


 Copyright 2026. Bcnsprnw @Library